000 nam a22 7a 4500
999 _c46583
_d46583
003 OSt
005 20190418154644.0
008 190418b xxu||||| |||| 00| 0 eng d
040 _cSERO SOFT
100 _aSRIVASTAVA, H.S
245 _aTECHNICAL TERMS IN EDU. EVA.
260 _aDELHI
_bNCERT
300 _a53
942 _2ddc
_c01